000 00317nam a22001217a 4500
008 230703b xxu||||| |||| 00| 0 eng d
082 _a342.2
_bGRE 1975
245 _aGovernmental Institutions and Processes
260 _bAddison-Wesley Publishing Company
_c1975
300 _aXIV,459p
440 _v5
942 _2ddc
_cBK
999 _c3524
_d3524